Oscar Siddle
Warwick A
Categories
Fine Arts - Visual Fine Arts | 1 | 1 | 0 | 0 | 25 | 59 | 72.50 | 0 | 2 |
Beliefs | 0 | 2 | 0 | 2 | 20 | 135 | 142.50 | 0 | 1 |
Literature - European Literature | 0 | 2 | 0 | 0 | 20 | 113 | 124.50 | 0 | 0 |
Other Science: Earth Science | 0 | 2 | 0 | 0 | 20 | 113 | 116.00 | 1 | 2 |
History - World History | 0 | 1 | 0 | 1 | 10 | 126 | 126.00 | 0 | 0 |
Literature - American Literature | 0 | 1 | 0 | 0 | 10 | 113 | 113.00 | 0 | 0 |
Science - Chemistry | 0 | 1 | 0 | 0 | 10 | 101 | 101.00 | 1 | 1 |
Other Science: Math | 0 | 1 | 0 | 1 | 10 | 113 | 113.00 | 0 | 1 |
Chemistry> | 0 | 1 | 0 | 0 | 10 | 97 | 97.00 | 0 | 0 |
History - European History | 0 | 1 | 0 | 0 | 10 | 111 | 111.00 | 0 | 1 |
Science - Biology | 0 | 0 | 0 | 0 | 0 | 0.00 | 0 | 0 | |
Other Academic | 0 | 0 | 1 | 0 | -5 | 0.00 | 0 | 0 | |
World and Other Literature | 0 | 0 | 1 | 0 | -5 | 0.00 | 0 | 0 |